Ligue 1 2010-2011 Top scorers - Statistics

General Stats
  • This quiz has been taken 16 times
  • The average score is 5 of 10
Answer Stats
Goals Nationality Club Player % Correct
17 Argentina Lyon Lisandro López
93%
14 Brazil Paris Saint-Germain Brazil Nenê
87%
25 Senegal Lille Moussa Sow
73%
15 Ivory Coast Lille Gervinho
53%
22 France Lorient Kevin Gameiro
53%
16 France Marseille Loïc Rémy
33%
17 Morocco Caen Youssef El-Arabi
27%
15 Nigeria Sochaux Brown Ideye
20%
17 France Valenciennes Grégory Pujol
20%
15 Mali Sochaux Modibo Maïga
20%
No matching quizzes found
Score Distribution
Percent of People with Each Score
Percentile by Number Answered
Your Score History
You have not taken this quiz